Loading...

Adventures of Tom Sawyer /

Bibliographic Details
Main Author: Twain, Mark
Format: Printed Book
Language:English
Published: Bristol : Purnell, 1975.
Subjects:
LEADER 00479nam a2200145Ia 4500
008 150623b xxu||||| |||| 00| 1 eng d
082 |a 813.3T1 
100 |a Twain, Mark 
245 |a Adventures of Tom Sawyer /  |c Mark Twain 
260 |a Bristol :  |b Purnell,  |c 1975. 
300 |a 254 p. 
650 |v Merican Fiction 
942 |c BK 
999 |c 41768  |d 41768 
952 |0 0  |1 0  |2 ddc  |4 0  |6 813_000000000000000_3T1_ADV  |7 0  |9 41764  |a UL  |b UL  |c ST1  |d 1998-09-24  |l 1  |m 1  |o 813.3T1 ADV  |p 60718  |r 2015-02-19  |s 2014-12-19  |y BK